| 000 | 01118cam a2200373 4500 | ||
|---|---|---|---|
| 001 | 6878 | ||
| 003 | DO-SdBNP | ||
| 005 | 20171109090804.0 | ||
| 007 | 6878 | ||
| 008 | 100128s2010 sp |||| 000 0 spa | ||
| 015 | _a | ||
| 017 |
_a _b |
||
| 020 | _a9788403100381 | ||
| 035 | _a | ||
| 040 |
_aBPMSU _bspa _cBPMSU _e |
||
| 080 | _a | ||
| 082 | 4 |
_a306.7 _bI13s |
|
| 100 | 1 |
_aIborra, Elisabeth G. _d1977- |
|
| 245 | 1 | 0 |
_aSex mentiras / _h _cElisabeth G. Iborra, con la colaboración del sexólogo Alfonso Antona |
| 246 | 1 | 0 |
_aSex mentiras : _bo cómo quitarle de encima mitos, creencias y prejuicios que te impiden disfrurar de tus relaciones |
| 250 | _a | ||
| 260 | 0 |
_aMadrid : _bAguilar, _c2010 |
|
| 300 |
_a212 p. ; _c25 cm |
||
| 504 | _a | ||
| 650 | 4 |
_aSEXO _2 |
|
| 650 | 4 | _aRELACIONES DE PAREJA | |
| 650 | 4 | _aHOMOSEXUALIDAD | |
| 650 | 4 | _aCOSTUMBRES SEXUALES | |
| 700 | 1 | 2 |
_aAntona Rodríguez, Alfonso _ecolaborador |
| 910 | _aValidado. Control de calidad MFF | ||
| 942 |
_2ddc _cBK |
||
| 945 | _aInventariado extranjero / 2017 VM | ||
| 956 |
_a VMATEO _b10 _c20160801 _dBPMSU _f0069 |
||
| 999 |
_c11268 _d11268 |
||